00614 2200241 4500001002100000005001700021008004100038035002400079082001100103090001600114245004400130260002800174300002900202500002500231650002100256700002100277850001500298980001300313985000600326986001300332999001500345990001200360YOGYA-0209000001672820090227022659.0 ind  0010-020900000016728 a616.54 a616.54bPen aPenyakit kulitceditor, Marwati Harahap aJakartabGramediac1990 aix, 366 hlmbilusc24 cm aTermasuk Bibliografi aKulit - Penyakit aHARAHAP, Marwali aYOPDYOG(B) a28-11-05 a1 afwhRTREV aB000017378 a17378-B